HR Analytics (Record no. 11700)

MARC details
000 -LEADER
fixed length control field 00413nam a22001817a 4500
003 - CONTROL NUMBER IDENTIFIER
control field OSt
008 - FIXED-LENGTH DATA ELEMENTS--GENERAL INFORMATION
fixed length control field 230114b ||||| |||| 00| 0 eng d
020 ## - INTERNATIONAL STANDARD BOOK NUMBER
International Standard Book Number 9789390421558
082 ## - DEWEY DECIMAL CLASSIFICATION NUMBER
Classification number 658.3 YAH
100 ## - MAIN ENTRY--PERSONAL NAME
Personal name YADAV,Rama Shankar
245 ## - TITLE STATEMENT
Title HR Analytics
250 ## - EDITION STATEMENT
Edition statement Ed 1st
260 ## - PUBLICATION, DISTRIBUTION, ETC. (IMPRINT)
Place of publication, distribution, etc New Delhi
Name of publisher, distributor, etc Wiley
Date of publication, distribution, etc 2021
300 ## - PHYSICAL DESCRIPTION
Extent 218
650 ## - SUBJECT ADDED ENTRY--TOPICAL TERM
Topical term or geographic name as entry element HR Analytics
700 ## - ADDED ENTRY--PERSONAL NAME
Personal name MAHESHWARI,Sunil
942 ## - ADDED ENTRY ELEMENTS (KOHA)
Source of classification or shelving scheme Dewey Decimal Classification
Koha item type Reference Books
Holdings
Withdrawn status Lost status Source of classification or shelving scheme Damaged status Not for loan Collection code Home library Current library Date acquired Source of acquisition Currency Cost, normal purchase price Bill Number Total Checkouts Full call number Acc. no. / Barcode Date last seen Date last borrowed Actual Cost, discounted price Bill Date Koha item type
    Dewey Decimal Classification     MBA PIET C-LIBRARY PIET C-LIBRARY 27/12/2022 International Book Centre IN Rupees 829.00 IB/IN/923 1 658.3 YAH 34365 23/12/2023 23/12/2023 580.80 27/12/2022 Reference Books

Design & Developed by: PIET Central Library
R70 Miles Stone Pattikalyana Samalkha Panipat 132102
mail ID :- [email protected], Phone No:- 0180-2569700 Ex.216